00497nam a2200169 450000500170000001000150001702000260003203500140005803700130007208200160008510000170010124500610011826000530017927000520023230000240028450000190030820190529163736.0 aENG-125382 c650.00a9788182204676 aEN-108914 bDBAD/PUB a658.4080954 aMandal, B.N. aCorporate social reponsibility in India/cby B.N. Mandal aNew Delhi bGlobal Vision publishing housec2012 a20, Ansari Road, Daryaganj, bNew Delhie110002 aviii,150pc22cm(Hb) aincludes index